| 000 | 00652nam a22001817a 4500 | ||
|---|---|---|---|
| 005 | 20260413115031.0 | ||
| 008 | 240815b ||||| |||| 00| 0 eng d | ||
| 082 |
_22023 _aUT |
||
| 100 |
_aDumaguit, Jerald P. _957747 |
||
| 245 |
_aHuddiat system : _bearly warning for disaster and evacuation locator in digos city using dijktra's algorithm / |
||
| 260 |
_aDigos City : _bUMDC, _cJuly 2023. |
||
| 300 |
_aviii, 86 pages : _c30 cm. |
||
| 500 | _aIncludes references and appendices. | ||
| 650 |
_aInformation Technology. _xUndergraduate thesis. _957748 |
||
| 700 |
_aCamarillo, Jezel M. _957749 |
||
| 700 |
_aUlan-ulan, Fritz T. _957750 |
||
| 942 |
_2ddc _cUT |
||
| 999 |
_c20454 _d20454 |
||